Guia d'economia social i solidària per a l'administració local /
Descripción Física:
143 pàgines : 30 cm
Otros Autores:
García Jané, Jordi
Materias:
Economia social
; Administració local
; Empreses -- Responsabilitat social
; Manuals, vademècums, etc.
Idioma:
Catalán
MARC
| LEADER | 00000nam a2200000 a 4500 | ||
|---|---|---|---|
| 001 | 26257 | ||
| 005 | 20260324181130.0 | ||
| 008 | 151113s2015 spc|||| ||||s0|0 0 cat| | ||
| 017 | |a DL B 15598-2015 |b Biblioteca de Catalunya | ||
| 080 | |a Bib-804 | ||
| 245 | 0 | 0 | |a Guia d'economia social i solidària per a l'administració local / |c coordinació: Jordi García Jané |
| 260 | |a [Barcelona] : |b Gabinet de Premsa i Comunicació de la Diputació de Barcelona, |c juny de 2015 | ||
| 300 | |a 143 pàgines : |c 30 cm | ||
| 504 | |a Referències bibliogràfiques | ||
| 650 | 0 | |a Economia social |2 lemac |9 16784 | |
| 650 | 0 | |a Administració local |9 34286 | |
| 650 | 0 | |a Empreses |x Responsabilitat social |9 45586 | |
| 655 | 0 | |9 52956 |a Manuals, vademècums, etc. | |
| 700 | |9 51084 |a García Jané, Jordi |e coordinador | ||
| 710 | 1 | |a Barcelona (Catalunya : Província). |b Gabinet de Premsa i Comunicació |9 51838 | |
| 908 | |a BC | ||
| 940 | |a BC | ||
| 942 | |2 udc |c ARXIU |n 1 | ||
| 952 | |0 0 |1 0 |4 0 |6 BIB804 |7 1 |9 62789 |a Arxiu |b Arxiu |d 2022-07-14 |l 0 |o Bib-804 |p 26257 |r 2022-07-14 00:00:00 |w 2022-07-14 |y ARXIU | ||
| 999 | |c 82280 |d 82280 | ||